[Event "Stay Safe Play From Home 210"]
[Site "T#646654Emanuel Laske"]
[Date "2020.06.08"]
[Round "8"]
[White "Mepe_Nika"]
[Black "Klausen"]
[Result "1-0"]
[WhiteElo "2290"]
[BlackElo "1947"]
[Annotator "TA"]
[PlyCount "123"]
[EventDate "2020.06.08"]
[EventType "swiss (blitz)"]

{[%evp 10,123,18,-9,26,12,28,11,28,0,16,17,47,34,56,43,59,-17,-6,-19,-19,-17,-20,-72,-68,-79,32,32,32,32,36,38,92,92,85,90,127,-19,-18,-59,251,250,251,249,250,250,250,250,300,244,237,212,247,244,243,244,275,272,263,229,230,210,235,235,239,245,246,253,361,360,354,340,333,319,288,0,0,0,0,0,0,0,0,0,0,0,0,0,0,0,0,0,0,0,0,0,0,0,0,0,0,0,0,0,0,0,0,0,0,0,0,0,0,0,0,0]} 1. e4 e6 2. d4 d5 3. Nc3 Bb4 4. exd5 exd5 5. Bd3 Nc6 6. Nf3 Nge7 {C01: French: Exchange Variation.} 7. O-O O-O 8. a3 Ba5 {[#]} 9. Bg5 $146 ({Predecessor:} 9. h3 Bf5 10. Ne2 Qd7 11. Ng3 Bg6 12. Bf4 Rae8 13. c3 Bxd3 14. Qxd3 Ng6 15. Qd2 Nd8 16. Ne5 Nxe5 17. dxe5 f6 18. exf6 Rxf6 19. Be3 Bb6 20. Rae1 Rfe6 {½-½ (20) Pedersen,N (2508)-Romero Holmes,A (2560) Istanbul 2003}) 9... h6 10. Bh4 Bg4 11. h3 Bxf3 12. Qxf3 Nxd4 13. Qh5 (13. Qg4 $1 $14 Bxc3 14. bxc3) 13... Bxc3 $11 14. bxc3 Ne6 15. c4 Nf4 16. Qe5 (16. Qf3 $1 $11 {keeps the balance.} Nxd3 17. Qxd3) 16... Nxd3 17. cxd3 Ng6 (17... f6 $17 18. Qe6+ Rf7) 18. Bxd8 $14 Nxe5 19. Bxc7 Nxd3 20. cxd5 Rac8 ({Better is} 20... f6 $14) 21. d6 $16 Nc5 22. Rad1 Ne6 23. Ba5 ({White has to play} 23. Rc1 $16) 23... b6 $11 24. Bb4 {[#] Threatens to win with d7.} a5 $2 {[%mdl 8192]} (24... Rfd8 $1 $15 {keeps the upper hand.}) 25. d7 $1 $18 {[%csl LRc8,LRf8]} axb4 26. dxc8=Q Rxc8 27. axb4 {[%mdl 4096] Endgame KRR-KRN} Rc4 28. Rb1 b5 29. Rfd1 Nd4 30. Rd2 Nc2 31. Rd5 Nxb4 32. Rxb5 Nd3 33. Rb8+ Kh7 34. R8b7 Rf4 35. f3 Rf6 36. R1b6 Rf5 37. Rd6 Nf4 38. Rdd7 Rg5 (38... Kg8 $142 39. h4 g6) 39. g4 ({Don't play} 39. Rxf7 Nxg2 40. Kf2 Nh4 $18) 39... Nxh3+ 40. Kh2 Nf4 41. Rxf7 Ne6 {intending ...Nd8.} 42. Kg3 $2 (42. Rbe7 $18 Nd8 43. Rf8) 42... Nd8 $11 {The position is equal.} 43. f4 Rg6 44. f5 Rg5 45. Kf4 Nxb7 46. Rxb7 {[#] aiming for Rb8. KR-KR} Kg8 47. Ra7 Kf8 48. Ra4 g6 49. Ra8+ Kf7 50. Ra7+ Kf8 51. Ke5 {Hoping for Kf6.} gxf5 52. gxf5 {Black must now prevent Ke6.} (52. Kf6 {looks sharper.} Kg8 53. Ra8+ Kh7 54. gxf5 Rg7 55. Ke5) 52... Rg1 53. Kf6 {[%cal Ra7a8]} Kg8 $1 54. Ra8+ Kh7 55. Kf7 Rg7+ 56. Kf6 Rb7 57. Ra6 h5 58. Ke6 h4 59. Ra4 Rb6+ 60. Kf7 Rb7+ 61. Kf6 Rb6+ 62. Kg5 {[%mdl 32768] White really could win this. Accuracy: White = 79%, Black = 77%. . Sensor Board Error (Ke4/e5)?} 1-0

[Event "Stay Safe Play From Home 210"]
[Site "T#646654Emanuel Laske"]
[Date "2020.06.08"]
[Round "8"]
[White "little champs"]
[Black "Lazieri3"]
[Result "0-1"]
[WhiteElo "2079"]
[BlackElo "2046"]
[Annotator "TA"]
[PlyCount "82"]
[EventDate "2020.06.08"]
[EventType "swiss (blitz)"]

{[%evp 9,81,12,8,-36,-38,-62,-9,-26,-16,-23,-6,-11,-15,-14,9,-27,-9,-42,-39,-41,-37,-96,-51,-63,-31,-37,-32,-57,-59,-85,-84,-97,-76,-83,-59,-70,-59,-59,-58,-59,-59,-96,-100,-169,-52,-45,-56,-202,-203,-633,-623,-782,-515,-502,-488,-456,-274,-256,-264,-789,-789,-782,-782,-716,-691,-29993,-29994,-29994,-29995,-29995,-29996,-29998,-29999,-29999]} 1. d4 c6 2. e3 d5 3. c4 Nf6 4. Nc3 Bf5 5. Qb3 Qb6 6. c5 {D10: Slav Defence: 3 cxd5 (without early Nf3) and 3 Nc3.} Qc7 7. f4 {[#]} Ne4 $146 (7... e6 $15) ({Predecessor:} 7... Nbd7 8. Bd2 e6 9. Rc1 Be7 10. Nf3 Ne4 11. Be2 O-O 12. O-O Ndf6 13. Be1 Nxc3 14. Bxc3 {0-1 (68) Schultheis,H (2114)-Bohnstorff,M (2020) Halberstadt 2016}) 8. Nxe4 {The position is equal.} Bxe4 9. Nf3 Nd7 10. Bd3 Bxd3 11. Qxd3 Nf6 12. Nd2 e6 13. a3 a5 14. O-O Be7 15. Rf3 ({White should play} 15. b3 $15) 15... h5 16. h3 g6 17. b3 b6 18. cxb6 Qxb6 19. Kh1 Qb5 20. Qc2 Rc8 21. e4 dxe4 22. Nxe4 Nxe4 23. Qxe4 Qd5 24. Qe5 O-O 25. Qe2 Bf6 ({Much worse is} 25... Qxd4 $6 26. Bb2 $11) 26. Be3 (26. Bb2 $17) 26... Bxd4 (26... Rb8 $19 27. Rb1 Rxb3 28. Rxb3 Qxb3) 27. Rd1 $1 $15 c5 28. f5 {This move loses the game for White.} (28. Bxd4 $15 cxd4 29. Qb2) 28... exf5 $19 29. Rf4 $2 {[#]} (29. Bxd4 cxd4 30. Qb2) 29... Rfe8 30. Rd3 Rxe3 31. Rxe3 Bxe3 32. Qxe3 {[%mdl 4096] Endgame KQR-KQR} Qd1+ 33. Kh2 Qd6 34. h4 $2 {[#]} (34. Kh1) 34... c4 35. bxc4 Rxc4 36. g3 Rc2+ 37. Kh3 Qd1 {[%cal Rd1h1] Black mates.} 38. Qe8+ Kg7 {[%cal Rd1h1]} 39. Qe5+ Kh7 {[%cal Rd1h1]} 40. g4 Qh1+ 41. Kg3 Qg2# {Accuracy: White = 40%, Black = 67%.} 0-1

[Event "Stay Safe Play From Home 210"]
[Site "T#646654Emanuel Laske"]
[Date "2020.06.08"]
[Round "8"]
[White "SoulofWolf"]
[Black "Edmatuag"]
[Result "1-0"]
[WhiteElo "2078"]
[BlackElo "1723"]
[Annotator "TA"]
[PlyCount "70"]
[EventDate "2020.06.08"]
[EventType "swiss (blitz)"]

{[%evp 9,70,14,26,2,25,18,24,26,17,0,1,0,4,-16,-9,-48,-10,-22,0,0,0,-25,-9,-22,13,-44,-33,-25,-16,-58,-13,-15,3,2,12,0,32,32,32,0,0,0,0,-21,27,-91,-86,-92,-47,-51,0,-171,-175,-193,-135,-231,319,315,29998,445,424,431,568]} 1. d4 d5 2. Nf3 Nf6 3. Bg5 e6 4. Nbd2 Bb4 5. c3 Be7 6. e3 {D03: 1 d4 d5 2 Nf3 Nf6 3 Bg5, including Torre Attack with early ...d5.} c5 7. Bd3 O-O 8. O-O {White has an edge.} Nbd7 9. b3 b6 10. Rc1 {[#]} Bb7 $146 ({Predecessor:} 10... Re8 11. Bb5 a6 12. Bc6 Ra7 13. Ne5 Rf8 14. Bxd7 Bxd7 15. f4 h6 16. Bxf6 Bxf6 {1-0 (50) Belonic,S-Prvanovic,M Serbia 2007}) 11. Bb1 Rc8 12. Re1 Qc7 (12... h6 $5 {[%cal Rh6g5]} 13. Bh4 cxd4 14. cxd4 Ba3 15. Rxc8 Qxc8 $15) 13. Bh4 e5 14. dxe5 Nxe5 15. Bg3 Nxf3+ 16. Nxf3 Bd6 17. Bh4 (17. Bxd6 $11 Qxd6 18. e4) 17... Ne4 $15 18. Qc2 f5 19. Rcd1 h6 20. c4 g5 21. Bg3 $1 Bxg3 22. hxg3 dxc4 23. Qxc4+ Qf7 24. Ne5 Qxc4 25. bxc4 Rcd8 26. Ng6 Rfe8 {[#]} (26... Rxd1 {with more complications.} 27. Rxd1 Nc3 28. Rd7 Rf7 29. Ne7+ Kf8) 27. Rxd8 (27. Ne7+ $1 $11 {[%mdl 512] was the only way to keep the balance.} Kf8 (27... Rxe7 28. Rxd8+) 28. Nxf5) 27... Rxd8 $17 28. Ne7+ Kf7 29. Nxf5 Rd2 (29... h5 $1 $15) 30. Rf1 $2 {[#]} (30. Nxh6+ $11 {and White stays safe.} Ke7 31. Ng4) 30... h5 $1 $19 31. a4 {[#]} Kf6 (31... Nc3 $1 $19 {[%cal Rc3b1]} 32. g4 h4) 32. Nh6 (32. g4 $17 {might work better.} Nc3 33. Ng3) 32... Nxg3 $4 {[%mdl 8192]} (32... Nc3 $19 33. g4 h4 34. Ng8+ Kf7 35. Nh6+ Kg7 36. Nf5+ Kf6) 33. fxg3+ $18 Kg7 $2 (33... Ke6 $18 34. Rf7 Rd1+ 35. Kf2 Rxb1) 34. Nf5+ (34. Rf7+ $142 Kxh6 35. Rh7#) 34... Kh8 35. e4 Rb2 {Accuracy: White = 54%, Black = 55%.} 1-0

[Event "Stay Safe Play From Home 210"]
[Site "T#646654Emanuel Laske"]
[Date "2020.06.08"]
[Round "8"]
[White "Lucknow"]
[Black "Sadbat1122"]
[Result "0-1"]
[WhiteElo "1738"]
[BlackElo "1581"]
[Annotator "NA"]
[PlyCount "56"]
[EventDate "2020.06.08"]
[EventType "swiss (blitz)"]

1. d4 {[%emt 0:00:01]} Nf6 {[%emt 0:00:03]} 2. c4 {[%emt 0:00:01]} d5 {[%emt 0:00:02]} 3. Nf3 {[%emt 0:00:01]} e6 {[%emt 0:00:02]} 4. Nc3 {[%emt 0:00:01]} Bb4 {[%emt 0:00:02]} 5. e3 {[%emt 0:00:03]} Ne4 {[%emt 0:00:03]} 6. Qc2 {[%emt 0:00:02]} Bxc3+ {[%emt 0:00:02]} 7. bxc3 {[%emt 0:00:02]} c6 {[%emt 0:00:02]} 8. Bd3 {[%emt 0:00:05]} f5 {[%emt 0:00:02]} 9. O-O {[%emt 0:00:01]} O-O {[%emt 0:00:02]} 10. cxd5 {[%emt 0:00:01]} exd5 {[%emt 0:00:02]} 11. c4 {[%emt 0:00:02]} Be6 {[%emt 0:00:03]} 12. Ne5 {[%emt 0:00:02]} Nd7 {[%emt 0:00:02]} 13. Nxd7 {[%emt 0:00:06]} Qxd7 {[%emt 0:00:03]} 14. Rb1 {[%emt 0:00:02]} Rab8 {[%emt 0:00:03]} 15. Ba3 {[%emt 0:00:04]} Rfe8 {[%emt 0:00:02]} 16. Rb2 {[%emt 0:00:06]} dxc4 {[%emt 0:00:17]} 17. Bxc4 {[%emt 0:00:31]} Bxc4 {[%emt 0:00:08]} 18. Qxc4+ {[%emt 0:00:01]} Qd5 {[%emt 0:00:02]} 19. Qxd5+ {[%emt 0:00:06]} cxd5 {[%emt 0:00:02]} 20. Rc1 {[%emt 0:00:03]} b6 {[%emt 0:00:05]} 21. Rbc2 {[%emt 0:00:03]} Rb7 {[%emt 0:00:16]} 22. f3 {[%emt 0:00:09]} Nf6 {[%emt 0:00:05]} 23. Kf2 {[%emt 0:00:01]} g5 {[%emt 0:00:12]} 24. Rc7 {[%emt 0:00:03]} Reb8 {[%emt 0:00:17]} 25. Be7 {[%emt 0:00:14]} Ne8 {[%emt 0:00:02]} 26. Rxb7 {[%emt 0:00:06]} Rxb7 {[%emt 0:00:02]} 27. Bxg5 {[%emt 0:00:01]} Nd6 {[%emt 0:00:06]} 28. Rc8+ {[%emt 0:00:08]} Nxc8 {[%emt 0:00:02] Lucknow gibt auf (Lag: Av=0.74s, max=0.8s)} 0-1

[Event "Stay Safe Play From Home 210"]
[Site "T#646654Emanuel Laske"]
[Date "2020.06.08"]
[Round "8"]
[White "DrKHF"]
[Black "Weltszmerc"]
[Result "0-1"]
[WhiteElo "1736"]
[BlackElo "2185"]
[Annotator "TA"]
[PlyCount "70"]
[EventDate "2020.06.08"]
[EventType "swiss (blitz)"]

{[%evp 10,70,12,10,12,14,16,8,25,27,26,29,27,0,0,0,46,52,48,46,57,61,76,54,93,30,43,38,36,14,24,24,26,26,26,26,24,0,34,0,0,-27,0,-27,-27,-32,0,0,0,-2,0,-2,50,0,0,-747,-775,-654,-599,-6270,-5397,-29985,-29979]} 1. d4 b6 2. c4 Bb7 3. Nc3 Nf6 4. Bf4 e6 5. e3 Be7 6. Nf3 O-O {E12: Queen's Indian: Unusual White 4th moves, 4 a3, 4 Nc3 Bb7 5 a3 and 4 Nc3 Bb7 .} 7. Be2 d5 8. Rc1 {[%cal Ba1c1,Bc1c3,Bc3b3][%mdl 32]} c6 {The position is equal.} 9. O-O Nbd7 10. a3 {[#]} Ne4 $146 ({Predecessor:} 10... dxc4) 11. b4 Nxc3 12. Rxc3 a5 13. c5 axb4 14. axb4 bxc5 15. bxc5 Ba6 16. Rb3 Bf6 17. Re1 (17. Bxa6 $16 Rxa6 18. Bd6) 17... Bxe2 $11 18. Rxe2 Re8 19. Reb2 e5 20. dxe5 Nxe5 21. Bxe5 Bxe5 22. Nxe5 Rxe5 23. Rb6 Qf6 (23... d4 $5) 24. Rb8+ (24. Qd4 {seems wilder.} Ra1+ 25. Rb1 Rxb1+ 26. Rxb1 g5 27. Rb6) 24... Re8 25. R8b6 Qc3 (25... d4 $5) 26. Qb1 Qxc5 27. g3 g6 28. Rc2 Qa5 29. Rbxc6 d4 30. R6c5 $36 {[%mdl 2048] White fights for an advantage.} Qd8 (30... Qa1 $11 31. Qxa1 Rxa1+ 32. Rc1 Rxc1+ 33. Rxc1 dxe3) 31. exd4 Qxd4 {[#] ...Ra1 is the strong threat.} 32. Qc1 $2 {[%mdl 8192]} (32. R5c4 $11 Qe5 33. Rc1) 32... Ra1 $19 33. Qxa1 Qxa1+ 34. Kg2 Re1 35. R2c3 Rg1+ {Accuracy: White = 60%, Black = 72%.} 0-1

[Event "Stay Safe Play From Home 210"]
[Site "T#646654Emanuel Laske"]
[Date "2020.06.08"]
[Round "8"]
[White "Fingerfehler1"]
[Black "Dukic"]
[Result "0-1"]
[WhiteElo "1642"]
[BlackElo "1888"]
[Annotator "NA RC"]
[PlyCount "68"]
[EventDate "2020.06.08"]
[EventType "swiss (blitz)"]

1. e4 {[%emt 0:00:04]} c6 {[%emt 0:00:01]} 2. d4 {[%emt 0:00:01]} d6 {[%emt 0:00:00]} 3. f4 {[%emt 0:00:02]} Nd7 {[%emt 0:00:01]} 4. Nf3 {[%emt 0:00:01]} Qc7 {[%emt 0:00:02]} 5. Bc4 {[%emt 0:00:02]} e5 {[%emt 0:00:02]} 6. fxe5 {[%emt 0:00:02]} dxe5 {[%emt 0:00:02]} 7. Ng5 {[%emt 0:00:09]} Nh6 {[%emt 0:00:02]} 8. O-O {[%emt 0:00:02]} Nf6 {[%emt 0:00:05]} 9. dxe5 {[%emt 0:00:18]} Qxe5 {[%emt 0:00:02]} 10. Bf4 {[%emt 0:00:02]} Qc5+ {[%emt 0:00:02]} 11. Kh1 {[%emt 0:00:08]} Qxc4 {[%emt 0:00:01]} 12. Nc3 {[%emt 0:00:03]} Be7 {[%emt 0:00:11]} 13. Bd6 {[%emt 0:00:09]} Bg4 {[%emt 0:00:16]} 14. Qd2 {[%emt 0:00:13]} Rd8 {[%emt 0:00:03]} 15. b3 {[%emt 0:00:13]} Qa6 {[%emt 0:00:13]} 16. e5 {[%emt 0:00:11]} Nd7 {[%emt 0:00:20]} 17. Bxe7 {[%emt 0:00:05]} Kxe7 {[%emt 0:00:02]} 18. Qd6+ {[%emt 0:00:02]} Ke8 {[%emt 0:00:01]} 19. Rae1 {[%emt 0:00:08]} Nf8 {[%emt 0:00:07]} 20. Qc5 {[%emt 0:00:12]} Ne6 {[%emt 0:00:06]} 21. Nxe6 {[%emt 0:00:08]} Bxe6 {[%emt 0:00:01]} 22. Ne4 {[%emt 0:00:03]} Qb6 {[%emt 0:00:05]} 23. Nd6+ {[%emt 0:00:02]} Kd7 {[%emt 0:00:04]} 24. Qc3 {[%emt 0:00:07]} Kc7 {[%emt 0:00:02]} 25. a4 {[%emt 0:00:04]} Ng4 {[%emt 0:00:13]} 26. h3 {[%emt 0:00:03]} Nxe5 {[%emt 0:00:02]} 27. Qxe5 {[%emt 0:00:01]} Rxd6 {[%emt 0:00:01]} 28. Rd1 {[%emt 0:00:03]} Rhd8 {[%emt 0:00:02]} 29. Rxd6 {[%emt 0:00:02]} Rxd6 {[%emt 0:00:02]} 30. c4 {[%emt 0:00:05]} c5 {[%emt 0:00:01]} 31. Qxg7 {[%emt 0:00:03]} Qxb3 {[%emt 0:00:04]} 32. Qe5 {[%emt 0:00:04]} Qxc4 {[%emt 0:00:05]} 33. Rd1 {[%emt 0:00:02]} Bd5 {[%emt 0:00:02]} 34. Re1 {[%emt 0:00:06]} Kc6 {[%emt 0:00:02] Zeit (Lag: Av=0.33s, max=0.9s)} 0-1

[Event "Stay Safe Play From Home 210"]
[Site "T#646654Emanuel Laske"]
[Date "2020.06.08"]
[Round "8"]
[White "Klasman"]
[Black "Timbre"]
[Result "1-0"]
[WhiteElo "1620"]
[BlackElo "1587"]
[Annotator "NA"]
[PlyCount "53"]
[EventDate "2020.06.08"]
[EventType "swiss (blitz)"]

1. f4 {[%emt 0:00:02]} d5 {[%emt 0:00:04]} 2. Nf3 {[%emt 0:00:02]} c6 {[%emt 0:00:01]} 3. e3 {[%emt 0:00:01]} Bg4 {[%emt 0:00:01]} 4. d4 {[%emt 0:00:02]} Nf6 {[%emt 0:00:01]} 5. Be2 {[%emt 0:00:01]} Bxf3 {[%emt 0:00:03]} 6. Bxf3 {[%emt 0:00:02]} e6 {[%emt 0:00:01]} 7. O-O {[%emt 0:00:01]} Be7 {[%emt 0:00:01]} 8. c4 {[%emt 0:00:05]} O-O {[%emt 0:00:02]} 9. c5 {[%emt 0:00:02]} Nbd7 {[%emt 0:00:02]} 10. Nc3 {[%emt 0:00:01]} a6 {[%emt 0:00:02]} 11. b4 {[%emt 0:00:01]} Re8 {[%emt 0:00:05]} 12. g4 {[%emt 0:00:18]} h6 {[%emt 0:00:03]} 13. h4 {[%emt 0:00:04]} Nh7 {[%emt 0:00:02]} 14. g5 {[%emt 0:00:02]} hxg5 {[%emt 0:00:02]} 15. hxg5 {[%emt 0:00:02]} Ndf8 {[%emt 0:00:01]} 16. Bh5 {[%emt 0:00:05]} Ng6 {[%emt 0:00:02]} 17. Qg4 {[%emt 0:00:02]} Nhf8 {[%emt 0:00:03]} 18. Rf3 {[%emt 0:00:02]} b6 {[%emt 0:00:05]} 19. Bd2 {[%emt 0:00:02]} bxc5 {[%emt 0:00:01]} 20. bxc5 {[%emt 0:00:03]} Rb8 {[%emt 0:00:02]} 21. Raf1 {[%emt 0:00:14]} Rb2 {[%emt 0:00:02]} 22. R1f2 {[%emt 0:00:01]} Qc7 {[%emt 0:00:08]} 23. Rh3 {[%emt 0:00:12]} Reb8 {[%emt 0:00:06]} 24. Bxg6 {[%emt 0:00:12]} Nxg6 {[%emt 0:00:03]} 25. Qh5 {[%emt 0:00:02]} Kf8 {[%emt 0:00:06]} 26. Qh8+ {[%emt 0:00:05]} Nxh8 {[%emt 0:00:04]} 27. Rxh8# {[%emt 0:00:01] (Lag: Av=0.45s, max=0.8s)} 1-0

[Event "Stay Safe Play From Home 210"]
[Site "T#646654Emanuel Laske"]
[Date "2020.06.08"]
[Round "9"]
[White "Mepe_Nika"]
[Black "DrKHF"]
[Result "1-0"]
[WhiteElo "2295"]
[BlackElo "1733"]
[Annotator "TA"]
[PlyCount "87"]
[EventDate "2020.06.08"]
[EventType "swiss (blitz)"]

{[%evp 9,86,45,74,57,66,46,60,0,79,81,67,54,51,20,48,45,100,86,84,91,89,91,96,51,60,17,16,14,61,-19,-15,-18,0,-12,0,-68,-48,-75,-39,-32,-21,-67,29,26,58,54,52,38,109,93,113,100,126,0,90,77,150,154,132,152,1285,904,915,849,29981,5314,5314,5313,5306,5306,3021,2535,2465,2452,29992,29993,29994,29995,29999]} 1. e4 d6 2. d4 Nf6 3. Nc3 g6 4. Nf3 c6 5. Be2 Bg4 6. O-O {[#] B08: Pirc Defence: Classical System.} Qc7 $146 ({Predecessor:} 6... Bg7 7. h3 Bxf3 8. Bxf3 O-O 9. Bf4 h6 10. Qe2 Kh7 11. Rad1 Ng8 12. d5 Bxc3 13. bxc3 Qa5 14. e5 dxe5 15. Qxe5 Qxa2 16. Ra1 Qxc2 17. Be4 Qe2 18. Bxg6+ fxg6 19. Qxe2 Rxf4 20. Qe3 Rf8 21. Rxa7 Rxa7 22. Qxa7 cxd5 23. Qxb7 {1-0 (23) Arndt,O (1887)-Mueggenburg,R (1666) Prague 2020}) 7. Bf4 Nbd7 8. e5 (8. Re1 $14) 8... Nh5 (8... Bxf3 $1 $11 9. Bxf3 dxe5 10. dxe5 Nxe5) 9. exd6 $16 exd6 10. Bg5 {Hoping for Re1.} h6 11. Be3 (11. Re1 {is more complex.} hxg5 12. Nxg5 Be6 13. d5 cxd5 14. Nxd5 Bxd5 15. Qxd5 O-O-O 16. Nxf7 Bg7 17. Qxd6 Qxd6 18. Nxd6+ Kc7 19. Nf7) 11... Bg7 12. Qd2 O-O-O ({Black should play} 12... Nhf6 $14) 13. b4 Nb6 14. a4 Nf6 15. b5 Nbd5 16. Nxd5 Nxd5 17. c4 Nxe3 18. fxe3 Rhe8 19. a5 (19. bxc6 $14 Qxc6 20. h3) 19... Qe7 $11 20. Ra3 {[#] Black must now prevent bxc6.} c5 21. h3 Bf5 22. Re1 (22. Bd3 $11) 22... Be4 $1 $15 23. Bd1 f5 24. Qf2 g5 25. Nd2 cxd4 (25... d5 $15 26. b6 Kb8) 26. exd4 $11 d5 27. c5 Qf6 28. Nb3 f4 (28... Kb8 $14) 29. a6 b6 30. cxb6 Qxb6 {[#]} 31. Nc5 ({White should try} 31. Bg4+ $1 $16 Kb8 32. Nc5) 31... Kb8 (31... Bf5 $1 $11 32. Rxe8 Rxe8) 32. Bg4 $16 Re7 ({Don't blunder} 32... Qxb5 $2 33. Rb3 $18) (32... Bg6 $142 33. Rxe8 Bxe8) 33. Rc3 {Strongly threatening Rec1.} Rc7 ({Not} 33... Qxb5 $2 34. Rb3 $18) 34. Rec1 {Ne6 is the strong threat.} Ka8 $2 {Black cannot hold the game after this.} (34... h5 $16 35. Bxh5 Bf5) 35. Ne6 ({But not} 35. Nxe4 $2 Rxc3 36. Nxc3 Bxd4 $19) 35... Rxc3 36. Rxc3 Rd7 37. Rc8+ Qb8 38. Rxb8+ Kxb8 39. Nxg7 Rxg7 40. Bf3 Rc7 41. Qb2 {Threatening mate with b6.} Rc4 42. b6 {White mates.} Bxf3 43. bxa7+ Kxa7 44. Qb7# {Accuracy: White = 72%, Black = 42%.} 1-0

[Event "Stay Safe Play From Home 210"]
[Site "T#646654Emanuel Laske"]
[Date "2020.06.08"]
[Round "9"]
[White "Weltszmerc"]
[Black "Lucknow"]
[Result "1-0"]
[WhiteElo "2187"]
[BlackElo "1714"]
[Annotator "TA"]
[PlyCount "29"]
[EventDate "2020.06.08"]
[EventType "swiss (blitz)"]

{[%evp 1,1,24]} 1. d4 {Not much happened in this game.} {Predecessor:} Nf6 2. c4 e6 3. Nf3 d5 4. Nc3 Be7 5. Bf4 O-O 6. e3 {D37: Queen's Gambit Declined: 5 Bf4.} Nbd7 7. Be2 dxc4 8. O-O Nb6 9. Qc2 Nfd5 10. Bg3 c5 11. dxc5 Bxc5 12. Rfd1 Bd7 13. Ne5 Rc8 14. Rac1 Nb4 15. Qe4 {1-0 (46) Carlsen,M (2863)-Nakamura,H (2736) chess24.com INT 2020} 1-0

[Event "Stay Safe Play From Home 210"]
[Site "T#646654Emanuel Laske"]
[Date "2020.06.08"]
[Round "9"]
[White "Lazieri3"]
[Black "SoulofWolf"]
[Result "0-1"]
[WhiteElo "2065"]
[BlackElo "2082"]
[Annotator "TA"]
[PlyCount "70"]
[EventDate "2020.06.08"]
[EventType "swiss (blitz)"]

{[%evp 11,70,-7,9,9,12,-63,0,0,0,0,16,-4,14,0,0,0,0,0,66,61,83,64,100,0,214,217,336,325,323,252,252,269,265,215,275,244,250,241,322,325,416,87,391,281,399,387,385,383,480,364,650,480,510,453,560,527,29987,555,907,852,29989]} 1. e4 e6 2. d4 d5 3. exd5 exd5 4. Bf4 Bd6 5. Bxd6 Qxd6 6. c3 Ne7 7. Nf3 {C01: French: Exchange Variation.} O-O {[#]} 8. h3 $146 (8. Bd3 $11) ({Predecessor:} 8. Bd3 Bf5 9. O-O Nbc6 10. Bxf5 Nxf5 11. Qd3 g6 12. Nbd2 Rfe8 {½-½ (12) Shevelev,S (2430)-Solozhenkin,E (2515) Sitges 1993}) 8... Nbc6 (8... Bf5 $15) 9. Bd3 $11 {The position is equal.} Ng6 10. O-O Bd7 11. Nbd2 Rae8 12. Re1 Nf4 13. Bc2 Bxh3 14. gxh3 Nxh3+ (14... f5 $11 15. Nf1 Nxh3+ 16. Kg2 Qh6 17. Rxe8 Nf4+ 18. Kg3 (18. Kg1 Nh3+ 19. Kg2 Nf4+ 20. Kg3 Rxe8 $11) 18... Rxe8 19. Bxf5 Re2) 15. Kg2 $14 Nf4+ 16. Kh1 $1 Qd7 {[#] ( -> ...Qh3+)} 17. Nh2 (17. Rg1 $1 $16) 17... f5 $2 ({Stronger than} 17... Qh3 18. Qg4 $16) (17... Rxe1+ $1 $11 {and Black has nothing to worry.} 18. Qxe1 Re8) 18. Qf3 $18 Ng6 (18... Qd6 $142 19. Rxe8 Rxe8 20. Bxf5 Qh6) 19. Rxe8 Qxe8 20. Rg1 ({Much less strong is} 20. Bxf5 Nce7 $18) 20... Qf7 21. Ndf1 Nce7 22. Ne3 Kh8 23. Rg5 h6 24. Rg1 Nh4 25. Qg3 g5 {Black wants to play ...f4.} 26. f4 $2 (26. Qxc7 $18 {and White stays clearly on top.} Neg6 27. Qxf7 Rxf7 28. Nxd5) 26... Rg8 $2 {[%mdl 8192] This costs Black the game.} (26... Neg6 $16 {is tougher.}) 27. Nf3 Qh5 (27... Nxf3 $142 28. Qxf3 g4) 28. Nxh4 gxh4 29. Qf2 Rf8 30. Qg2 {[%csl Gg1][%cal Rg2g7]} Qf7 $2 (30... Rg8 31. Qf2 Rg3) 31. Qf3 c6 32. Rg2 h3 33. Rg1 Ng6 {[#]} 34. Kh2 (34. Qh5 $142 $1 Rg8 35. Bxf5 b6 36. Rxg6 Rxg6 37. Bxg6 Qxf4 38. Qe5+ Qxe5 39. dxe5) 34... Qf6 35. Nxf5 Qxf5 {[%mdl 32768] Accuracy: White = 60%, Black = 27%. . Loss on time!?} 0-1

[Event "Stay Safe Play From Home 210"]
[Site "T#646654Emanuel Laske"]
[Date "2020.06.08"]
[Round "9"]
[White "Dukic"]
[Black "Klausen"]
[Result "0-1"]
[WhiteElo "1895"]
[BlackElo "1943"]
[Annotator "TA"]
[PlyCount "68"]
[EventDate "2020.06.08"]
[EventType "swiss (blitz)"]

{[%evp 9,68,16,64,-7,3,-13,-17,-17,0,0,0,0,0,0,0,-13,0,-22,0,-14,12,-18,-17,-18,-15,-27,-26,-97,-104,-193,-109,-202,-147,-255,-175,-280,-278,-247,-271,-310,-249,-395,-222,-240,-231,-227,-15,-11,-25,-16,-15,-21,-16,-6,0,0,0,-53,129,121,81]} 1. d4 e6 2. c4 Bb4+ 3. Nc3 Bxc3+ 4. bxc3 f5 5. f3 Nf6 6. Bg5 {A40: Unusual replies to 1 d4.} (6. e4 $14) 6... O-O 7. e3 d6 8. Bd3 {[#] The position is equal.} Nbd7 $146 ({Predecessor:} 8... Qe8 9. Bxf6 Rxf6 10. f4 Nd7 11. Nf3 b6 12. h3 e5 13. fxe5 dxe5 14. dxe5 Nxe5 15. Nxe5 Qxe5 {0-1 (22) Salinas Barrera,J (1591)-Mejia,D (1886) Managua 2019}) 9. Ne2 Qe8 10. Bh4 b6 11. O-O Bb7 12. Qd2 a5 13. a4 h6 14. Bf2 g5 15. Ng3 h5 16. e4 f4 17. Ne2 e5 18. h4 (18. Rab1 $11) 18... g4 $17 19. Rfd1 (19. Rae1 $17) 19... Qg6 ({Black should try} 19... Qe6 $19 {aiming for ...gxf3.} 20. Kh2 Ba6) 20. Kf1 (20. dxe5 $17 dxe5 21. Nxf4 exf4 22. e5) 20... Kh8 21. Rab1 (21. Ke1 $17) 21... Rg8 {[#] White must now prevent ...gxf3.} 22. Ke1 (22. dxe5 {was called for.} Nxe5 23. Nxf4) 22... gxf3 $19 23. gxf3 Qg2 24. Ng1 Qh2 25. Qe2 (25. Ke2 {only move.}) 25... Rxg1+ (25... exd4 $142 26. Bxd4 Rg2) 26. Bxg1 Qxg1+ {[%mdl 64] [#] Double Attack} 27. Kd2 Qe3+ $2 ({Black should play} 27... Qg3 $19 28. Rh1 Rg8) 28. Qxe3 $11 fxe3+ 29. Kxe3 Rg8 30. Rg1 Rxg1 31. Rxg1 Kh7 32. Rg5 Kh6 33. Bf1 (33. f4 $11) 33... exd4+ $2 (33... Bc6 $15 {stays ahead.}) 34. cxd4 $16 c5 {[%mdl 32768] And White is the lucky defender. Accuracy: White = 39%, Black = 58%. . Loss on time!?} 0-1